Management Across Cultures 3/e

Gorde:
Xehetasun bibliografikoak
Egile nagusia: Steers
Formatua: Liburua
Argitaratua: CUP
Etiketak: Etiketa erantsi
Etiketarik gabe, Izan zaitez lehena erregistro honi etiketa jartzen!

MARC

LEADER 00000nam a2200000Ia 4500
005 20260513122050.0
020 |a 9781316604038 
100 |a Steers 
365 |c £ 
365 |b 28.00 
942 |c BK 
245 |a Management Across Cultures 3/e 
260 |b CUP 
999 |c 32  |d 32 
952 |0 0  |1 0  |4 0  |7 0  |a UNSW  |b UNSW  |d 2026-05-08  |g 47.00  |i 16697  |l 0  |p 000150  |r 2026-05-13 12:20:50  |v 47.00  |w 2026-05-13  |y BK